000 01317nam a22003497a 4500
003 CHAP
005 20220329135234.0
008 971013s1983 r 00010 d
010 _a33108
011 _a34080
035 _a38196
040 _cCHAP
082 _a636.2
_bN62
100 0 0 _aNovoa Barrero, Andrés Ricardo.
_982052
245 _aSalud animal, manejo y administración en sistemas de producción de leche
260 _aTurrialba, C. R. :
_bCentro Agronómico Tropical de Investigación y Enseñanza,
_c1983
300 _a103 p.
490 _aCompilación de documentos presentados en actividades
590 _aBATCH-UPD
_b10
_c20130110
_lUCH01
_h0937
590 _aBATCH-UPD
_b10
_c20130410
_lUCH01
_h0555
590 _aBATCH-UPD
_b10
_c20130914
_lUCH01
_h1525
590 _aCONVERSION
_b10
_c20130109
_lUCH01
_h1319
650 1 4 _aGanado vacuno
_xEnfermedades.
_945460
650 1 4 _aGranjas lecheras.
_950407
650 1 4 _aLeche
_xProducción.
_965400
830 0 _aCompilación de documentos presentados en actividades
_926096
901 _aBK
942 _cLIBRO
949 _a636.2 N62
_bBC
_cLIBRO
_d33724000097408
_eLIBRO
_fc.3
_h67511
_i38196
_si
949 _a636.2 N62
_bBC
_cLIBRO
_d33724000097416
_eLIBRO
_fc.2
_h62642
_i38196
_si
949 _a636.2 N62
_bBC
_cLIBRO
_d33724000890653
_eLIBRO
_h62641
_i38196
_si
999 _c33108
_d33108